000 00456nam a2200193Ia 4500
003 0100
008 130303s9999 xx 000 0 und d
040 _cARRUPELIB
050 _aQ125.K42 1971
100 _aKearney, Hugh
245 _aScience and change, 1500-1700
260 _aNew York
260 _bMcGraw-Hill Book Company
260 _C1971
300 _a255p.
300 _b 23 cm
440 _aWorld University Library
942 _2lcc
_01
999 _c61180
_d61180